• 首页
  • 本馆介绍
  • 公告通知
  • 最新文献
  • 馆藏检索
  • 电子资源
  • 读者荐购
  • 参考咨询
  • CALIS
  • 我的图书馆
  • 登录
  • 详细信息显示
  • 放入我的书架
  • 预约/预借图书
  • 作者相关作品
  • 分类相关作品
  • 丛书相关作品
  • 出版社相关作品

书目信息

  • 表格格式
  • 工作单格式
  • 卡片格式
题名:
加热与冷却
    
 
作者: 化学工业部人事教育司
分册:  
出版信息: 北京   化学工业出版社  1997.12.
页数: 359页
开本: 20cm
丛书名:
单 册:
中图分类: TQ025
科图分类:
主题词: 化工过程:物理过程 , 化工过程:物理化学过程 , 化工过程
电子资源:
ISBN: 978-7-5025-1905-6
 
 
 
 
 
000 00676nam0 2200217 45
001 1938582047
005 20190619104429.32
010    @a978-7-5025-1905-6@dRMB 20.00
100    @a20190619d1997 km y0chiy0120 ea
101 0  @achi
102    @aCN@b110000
200 1  @a加热与冷却@Ajia re yu leng que@f化学工业部人事教育司@Fhua xue gong ye bu ren shi jiao yu si
210    @a北京@c化学工业出版社@d1997.12.
215    @a359页@d20cm
606 0  @a化工过程:物理过程
606 0  @a化工过程:物理化学过程
606 0  @a化工过程
690    @aTQ025@v4
701  0 @a化学工业部人事教育司@Ahua xue gong ye bu ren shi jiao yu si
801  0 @aCN@bPFT@c20190619
905    @a10447@dTQ025@eH740
    
    加热与冷却/化学工业部人事教育司.-北京:化学工业出版社,1997.12.
    359页;20cm
    
    
    ISBN 978-7-5025-1905-6:RMB 20.00
    
●
相关链接 在E读中查询图书 在当当中查询图书 在豆瓣中查询图书


正题名:加热与冷却     索取号:TQ025/H740         预约/预借

序号 登录号 条形码 馆藏地/架位号 状态 备注
1 0419785   204197859   自科库501/501自科库 137排9列1层/ [索取号:TQ025/H740] 在馆    
河南城建学院图书馆 欢迎您!
大连网信软件有限公司© 版权所有